| 000 | 00731aam a2200289 4500 | ||
|---|---|---|---|
| 005 | 20260320163946.0 | ||
| 008 | 150617b2009 xxu||||| |||| 00| 0 spa d | ||
| 020 | _a9700770516 | ||
| 041 | _aESP | ||
| 082 | _a364.3 G993c2 | ||
| 100 | _aGuzmán Walffer, Ricardo | ||
| 245 | _aCrímenes en estado de emoción violenta | ||
| 250 | _a2 edición | ||
| 260 | _aMéxico | ||
| 260 | _bPorrúa | ||
| 260 | _c2009 | ||
| 300 | _a157 páginas | ||
| 490 | _aInvestigación Criminal | ||
| 650 | _aPSICOLOGÍA CRIMINAL | ||
| 650 | _aCRÍMENES | ||
| 650 | _aVIOLENCIA | ||
| 650 | _aEMOCIÓN VIOLENTA | ||
| 650 | _aCUESTIONES SUSTANTIVAS | ||
| 650 | _aCUESTIONES ADJETIVAS | ||
| 650 | _aVICTIMOLOGÍA | ||
| 942 |
_cBK _2ddc |
||
| 999 |
_c2895 _d2895 |
||